LEADER 00856nam0-22002891i-450- 001 990005272040403321 005 20070620100013.0 035 $a000527204 035 $aFED01000527204 035 $a(Aleph)000527204FED01 035 $a000527204 100 $a19990604d1967----km-y0itay50------ba 101 0 $ager 105 $ay-------001yy 200 1 $aRechtfertigung im Gesprach zwischen Thomas und Luther$fUlrich Knhn$gOtto H. Pesch 210 $aBerlin$cEvangelische Verlagsanstalt$d1967 215 $a85 p.$d24 cm 676 $a234.7 700 1$aKuhn,$bUlrich$0205584 702 1$aPasch,$bOtto H. 801 0$aIT$bUNINA$gRICA$2UNIMARC 901 $aBK 912 $a990005272040403321 952 $a234.7 KUH 1$bST REL. 13 s.c.$fFLFBC 959 $aFLFBC 996 $aRechtfertigung im Gesprach zwischen Thomas und Luther$9538548 997 $aUNINA LEADER 02353oam 2200505 a 450 001 9910701589703321 005 20250513224848.0 035 $a(CKB)5470000002419187 035 $a(OCoLC)681183380$z(OCoLC)624461502 035 $a(EXLCZ)995470000002419187 100 $a20101113d1998 ua 0 101 0 $aeng 135 $aurbn||||||||| 181 $ctxt$2rdacontent 182 $cc$2rdamedia 183 $acr$2rdacarrier 200 00$aWorld directory of forest geneticists and tree breeders $eAnnuaire mondial des ge?ne?ticiens et ame?liorateurs = Cata?logo mundial de mejoradores y geneticistas = Internationales Verzeichnis der Forstgenetiker und Forstpflanzenzüchter /$f[compilers, F. Thomas Ledig and David B. Neale] 210 1$aAlbany, Calif. :$cU.S. Dept. of Agriculture, Forest Service, Pacific Southwest Research Station,$d[1998] 215 $a1 online resource (v, 185 pages) 225 1 $aGeneral technical report PSW ;$vGTR-170 300 $aTitle from PDF title screen (viewed Mar. 12, 2012). 300 $a"Compilation of this directory was a task of the Forest Genetic Resources Study Group, North American Forestry Commission; Food and Agriculture Organization of the United Nations; and Working Party 2.04.09, Division 2-Physiology and Genetics, International Union of Forestry Research Organizations"--P. [2] of cover. 300 $a"September 1998"--P. [2] of cover. 300 $aIncludes indexes. 517 $aWorld directory of forest geneticists and tree breeders 606 $aTrees$xBreeding$vDirectories 606 $aForest genetics$vDirectories 606 $aForesters$vDirectories 615 0$aTrees$xBreeding 615 0$aForest genetics 615 0$aForesters 701 $aLedig$b F. Thomas$01407501 701 $aNeale$b David B$0444456 712 02$aPacific Southwest Research Station. 712 02$aNorth American Forestry Commission.$bForest Genetic Resources Study Group. 712 02$aFood and Agriculture Organization of the United Nations. 712 02$aInternational Union of Forestry Research Organizations.$bWorking Party 2.04.09. 801 0$bOCLCE 801 1$bOCLCE 801 2$bOCLCQ 801 2$bGPO 906 $aBOOK 912 $a9910701589703321 996 $aWorld directory of forest geneticists and tree breeders$93489169 997 $aUNINA LEADER 02793oam 2200661I 450 001 9910969572203321 005 20251117094824.0 010 $a1-283-43521-7 010 $a9786613435217 010 $a1-136-80746-2 010 $a0-203-82831-3 024 7 $a10.4324/9780203828311 035 $a(CKB)2550000000079754 035 $a(EBL)684090 035 $a(OCoLC)773564582 035 $a(SSID)ssj0000631792 035 $a(PQKBManifestationID)12272034 035 $a(PQKBTitleCode)TC0000631792 035 $a(PQKBWorkID)10599454 035 $a(PQKB)10026012 035 $a(MiAaPQ)EBC684090 035 $a(Au-PeEL)EBL684090 035 $a(CaPaEBR)ebr10526405 035 $a(CaONFJC)MIL343521 035 $a(OCoLC)775064655 035 $a(EXLCZ)992550000000079754 100 $a20180706d2011 uy 0 101 0 $aeng 135 $aur|n|---||||| 181 $ctxt 182 $cc 183 $acr 200 10$aAgricultural marketing $estructural models for price analysis /$fJames Vercammen 205 $a1st ed. 210 1$aAbingdon, Oxon :$cRoutledge,$d2011. 215 $a1 online resource (241 p.) 225 0 $aRoutledge textbooks in environmental and agricultural economics Agricultural marketing 300 $aDescription based upon print version of record. 311 08$a0-415-48044-2 311 08$a0-415-48043-4 320 $aIncludes bibliographical references and index. 327 $aIntroduction -- Prices over space -- Prices over time (storage) -- Prices over time (commodity futures) -- Prices over form (quality) -- Prices linkages across commodity markets -- Marketing margins in vertical supply chains -- Auctions and competitive bidding -- Bargaining in bilateral exchange. 330 $aThe price of food has become very volatile in recent years for a variety of reasons, including a strengthened connection between the prices of agricultural commodities and other commodities such as oil and metals, more volatile production due to more frequent droughts and floods, and a rising demand for biofuels. Understanding the determinants of agricultural commodity prices and the connections between prices has become a high priority for academics and applied economists who are interested in agricultural marketing and trade, policy analysis and international rural development. 606 $aAgricultural prices 606 $aFarm produce$xMarketing 606 $aPrices 615 0$aAgricultural prices. 615 0$aFarm produce$xMarketing. 615 0$aPrices. 676 $a630.68/8 700 $aVercammen$b James$01865147 801 0$bMiAaPQ 801 1$bMiAaPQ 801 2$bMiAaPQ 906 $aBOOK 912 $a9910969572203321 996 $aAgricultural marketing$94472185 997 $aUNINA